000 01299cab a2200241 4500
001 ABS67403
008 040205n2004 000 0 eng u
035 _a(Sirsi) u125061
100 _aBrewer, G.
245 _aTender evaluation procedures
260 _c2004
490 _aContract Journal
_v421(6457) 9 January 2004, 14(1)
520 _aExamines in "Pratt Contractors Ltd v Transit New Zealand" ([2003] UKPC 83, [2004] BLR 143-151(8)) duties of good faith and procedural obligations in tender evaluation. The Privy Council gave judgment in an appeal from the CA in New Zealand concerning the competitive tendering procedures adopted for a state highway contract in New Zealand. Concludes that a request for tenders will give rise to a preliminary contract with tenderers, by which the client body will be obliged to comply with any tender evaluation procedures set out in the request. View judgment at www.bailii.org.
590 _aABS
650 _aPRATT CONTRACTORS LTD V TRANSIT NEW ZEALAND
650 _aTENDER EVALUATION
650 _aNEW ZEALAND
650 _aGOOD FAITH OBLIGATIONS
650 _aPROCEDURAL OBLIGATIONS
690 _aProcurement
_96260
856 _uhttps://www.bailii.org/uk/cases/UKPC/2003/83.html
_zView the judgment on the BAILII website...
942 _n0
999 _c74130
_d74130